Operative decision – making interactions in company´s cash management

Manažment riadenia peňažných prostriedkov (hotovosti) by mal byť považovaný za jadro obchodných rokovaní, pretože hotovosť je v podstate palivo, ktoré poháňa firemný motor. Charakter krátkodobých rozhodnutí manažmentu riadenia hotovosti.

Saved in:
Bibliographic Details
Main Author: Kubranová, Magdaléna, 1956-
Format: Book Chapter
Language:English
Subjects:
Tags: Add Tag
No Tags, Be the first to tag this record!

MARC

LEADER 00000naa$a2200000$$$4500
001 0224407
005 20240502073656.9
041 0 |a eng 
044 |a SK 
245 1 0 |a Operative decision – making interactions in company´s cash management  |c Magdaléna Kubranová 
520 |a Manažment riadenia peňažných prostriedkov (hotovosti) by mal byť považovaný za jadro obchodných rokovaní, pretože hotovosť je v podstate palivo, ktoré poháňa firemný motor. Charakter krátkodobých rozhodnutí manažmentu riadenia hotovosti. 
610 2 0 |a manažment finančný 
610 2 0 |a riadenie finančné 
610 2 0 |a cash flow 
610 2 0 |a hospodárstvo podniku finančné 
610 2 0 |a prostriedky likvidné 
610 2 0 |a rezervy finančné 
100 1 |a Kubranová, Magdaléna, 1956-